| 000 | 01587cam a2200373 a 4500 | ||
|---|---|---|---|
| 001 | EDZ0000072155 | ||
| 003 | StDuBDS | ||
| 005 | 20161031105208.0 | ||
| 006 | m||||||||d|||||||| | ||
| 007 | cr ||||||||||| | ||
| 008 | 120412s2006 enka fo| 000|0|eng d | ||
| 020 |
_a9781446213735 (ebook) : _cNo price |
||
| 040 |
_aStDuBDS _beng _cStDuBDS _epn |
||
| 049 | _aAlfaisal Main Library | ||
| 050 | 4 | _aRC553.A88 | |
| 082 | 0 | 4 |
_a616.858832 _223 |
| 100 | 1 | _aEdmonds, Genevieve. | |
| 245 | 1 | 4 |
_aThe Asperger personal guide _h[electronic resource] : _braising self-esteem and making the most of yourself as an adult with Asperger's syndrome / _cGenevieve Edmonds and Dean Worton. |
| 260 |
_aLondon : _bPaul Chapman, _c2006. |
||
| 300 |
_a1 online resource (116 p.) : _bill. |
||
| 500 | _a"A Lucky Duck book". | ||
| 520 | 8 | _aFollowing on from the 'Asperger Love Guide' and 'Social Guide', this third book in the series of self-help practical life guides aims to cover the personal issues that an adult with Asperger's syndrome faces in a world not designed for people with autism. | |
| 521 | _aSpecialized. | ||
| 588 | _aDescription based on print version record. | ||
| 650 | 0 |
_aAsperger's syndrome _vPopular works. |
|
| 650 | 0 |
_aAsperger's syndrome _xPatients _xConduct of life. |
|
| 650 | 0 | _aSelf-esteem. | |
| 655 | 7 |
_aElectronic books. _2local |
|
| 700 | 1 | _aWorton, Dean. | |
| 710 | 2 | _aSage eBooks | |
| 776 | 0 | 8 |
_iPrint version : _z9781412922579 |
| 856 | 4 | 0 | _uhttp://ezproxy.alfaisal.edu/login?url=http://sk.sagepub.com/books/the-asperger-personal-guide |
| 942 |
_2lcc _cEBOOKS |
||
| 999 |
_c481443 _d481443 |
||